00345nam a2200133Ia 4500003000400000008004100004020002600045040000800071100001700079245005700096260003700153300001000190365001100200LDD181029s9999 xx 000 0 und d a9788175332133c995.00 cLDD aBhagat, S.K. 0aHuman traffickingbBiggest social crimecS.K. Bhagat aNew DelhibMD Publicationsc2009 a307p. b995.00